Central Library OPAC University of Rajshahi

The criminal procedure code / (Record no. 45948)

MARC details
000 -LEADER
fixed length control field 00690nam a22002293 4500
001 - CONTROL NUMBER
control field 45948
003 - CONTROL NUMBER IDENTIFIER
rucl marc code BD-RJUL
005 - DATE AND TIME OF LATEST TRANSACTION
control field 20211209054104.0
008 - FIXED-LENGTH DATA ELEMENTS--GENERAL INFORMATION
fixed length control field 160730s1964 xx 000 0 eng d
035 ## - SYSTEM CONTROL NUMBER
System control number BD-RJUL 46066
040 ## - CATALOGING SOURCE
Original cataloging agency EQO
Transcribing agency EQO
Language of cataloging eng
041 ## - LANGUAGE CODE
Language code of text/sound track or separate title eng
082 ## - DEWEY DECIMAL CLASSIFICATION NUMBER
Edition number 23
Classification number 345.794
Author mark and year RAC 1964
100 0# - MAIN ENTRY--PERSONAL NAME
Personal name Ratanlal Ranchhoddas.
9 (RLIN) 140512
245 14 - TITLE STATEMENT
Title The criminal procedure code /
Statement of responsibility, etc. by R. Ranchhoddas and D.K. Thakore.
250 ## - EDITION STATEMENT
Edition statement 10th edi.
260 ## - PUBLICATION, DISTRIBUTION, ETC. (IMPRINT)
Place of publication, distribution, etc. Bombay :
Name of publisher, distributor, etc. The bombay law,
Date of publication, distribution, etc. 1964.
300 ## - PHYSICAL DESCRIPTION
Pagination xxxii, 748 p. :
Illustrations ill. ;
Size 18 cm.
650 ## - SUBJECT ADDED ENTRY--TOPICAL TERM
Topical term or geographic name as entry element Criminal procedure
Geographic subdivision California.
9 (RLIN) 140513
700 1# - ADDED ENTRY--PERSONAL NAME
Personal name Thakore, Dhirajlal Keshavlal
942 ## - ADDED ENTRY ELEMENTS (KOHA)
Source of classification or shelving scheme Dewey Decimal Classification
Koha item type Books
Holdings
Lost status Source of classification or shelving scheme Damaged status Not for loan Collection code Permanent Location Current Location Shelving location Date acquired Source of acquisition Cost, normal purchase price Total Checkouts Full call number Date last seen Copy number Koha item type
  Dewey Decimal Classification     Non-fiction Central Library, University of Rajshahi Central Library, University of Rajshahi   04/11/1965 Zeithlinger 105.00   345.794 RAC 1964 30/07/2016 C-2 Books